The future of railways and roads

Αποθηκεύτηκε σε:
Λεπτομέρειες βιβλιογραφικής εγγραφής
Μορφή: Βιβλίο
Γλώσσα:English
Δημοσίευση: London : Institute for Public Policy Research, 1991
Θέματα:
Ετικέτες: Προσθήκη ετικέτας
Δεν υπάρχουν, Καταχωρήστε ετικέτα πρώτοι!

MARC

LEADER 00000nam a2200000 i 4500
001 1/9305
008 000807s1991 eng d
020 |a 187245237X (pbk) 
035 |l 10063002 
040 |a GR-MY-UA  |b gre  |e aacr 
041 0 |a eng 
082 0 |a 388.941 
245 1 4 |a The future of railways and roads /  |c C. A. Nash... [et al.] 
260 |a London :   |b Institute for Public Policy Research,   |c 1991 
300 |a various paging 
650 0 0 |a Transportation  |z Great Britain. 
650 0 0 |a Railroads  |z Great Britain. 
650 0 0 |a Roads  |z Great Britain. 
852 |a INST  |b LESVOS  |e 20000807  |h 388.941 FUT  |p 005100021409  |q 005100021409  |t BK  |y 0 
901 |a BIBL1-2000-2 
909 |a Λ  |b 059947 
922 |a 1ΕΛΗ  |b 199810  |c ΚΠΣ/ΤΓ  |d ΠΑΠΑΣΩΤΗΡΙΟΥ 
950 |a 118-1998-07-18 
970 |z 2000/07/ΔΕΜΕΝΑΓΑΣ